|
|
|
|
| LEADER |
00000nam0a2200000 4500 |
| 001 |
86069 |
| 005 |
20231031101407.0 |
| 035 |
|
|
|a (RuTPU)RU\TPU\book\92451
|
| 090 |
|
|
|a 86069
|
| 100 |
|
|
|a 20051122d1978 km y0rusy50 ca
|
| 101 |
0 |
|
|a rus
|
| 102 |
|
|
|a RU
|
| 105 |
|
|
|a a z 001zy
|
| 200 |
1 |
|
|a Электронно-оптическая фотосъемка в физическом эксперименте
|f В. М. Ефимов, А. М. Искольдский, Ю. Е. Нестерихин
|g Сибирское отделение АН СССР; Институт автоматики и электрометрии; под ред. Ю. Е. Нестерихина
|
| 210 |
|
|
|c Наука
|d 1978
|a Новосибирск
|
| 215 |
|
|
|a 158 с.
|c ил.
|
| 320 |
|
|
|a Библиогр.: с. 151-155
|
| 610 |
1 |
|
|a фотография
|
| 610 |
1 |
|
|a быстропротекающие процессы
|
| 610 |
1 |
|
|a исследования
|
| 610 |
1 |
|
|a фотосъемка
|
| 610 |
1 |
|
|a флуктуации
|
| 610 |
1 |
|
|a шумы
|
| 610 |
1 |
|
|a пороговые изображения
|
| 610 |
1 |
|
|a спектрофотохронограф
|
| 610 |
1 |
|
|a электронно-оптические преобразователи
|
| 675 |
|
|
|a 53.001.5
|v 3
|
| 700 |
|
1 |
|a Ефимов
|b В. М.
|g Виталий Максимович
|
| 701 |
|
1 |
|a Искольдский
|b А. М.
|g Александр Михайлович
|
| 701 |
|
1 |
|a Нестерихин
|b Ю. Е.
|g Юрий Ефимович
|
| 702 |
|
1 |
|a Нестерихин
|b Ю. Е.
|g Юрий Ефимович
|4 340
|
| 712 |
0 |
2 |
|a Академия наук СССР (АН СССР)
|b Сибирское отделение (СО)
|b Институт автоматики и электрометрии (ИАиЭ)
|c (Новосибирск)
|2 stltpush
|3 (RuTPU)RU\TPU\col\14705
|
| 801 |
|
1 |
|a RU
|b 63413507
|c 20051122
|g PSBO
|
| 801 |
|
2 |
|a RU
|b 63413507
|c 20090608
|g PSBO
|
| 942 |
|
|
|c BK
|